=LDR 00000nam 2200000 4500 =001 INLIS000000000042086 =005 20131008013110 =008 ***********************************Ind** =035 ##$$a0010-101300000000008 =041 ##$$a Ind =082 ##$$a 418 =090 ##$$a 418, Bud k =100 ##$$a Suratno, Siti Chamamah =245 ##$$a Kosa semiotika, Kris Budiman =260 ##$$a 1999 $b Yogyakarta =300 ##$$a 151 hlm, 21 cm =650 ##$$a Kosa kata =850 ##$$a NBPNMAT =990 ##$$a 90905/BPAP-NTB/2014